El código del samurai: selección de textos de Libro de los cinco anillos y Hagakure
Αποθηκεύτηκε σε:
| Άλλοι συγγραφείς: | |
|---|---|
| Μορφή: | Βιβλίο |
| Γλώσσα: | Αγγλικά Ισπανικά |
| Έκδοση: |
Madrid, España
La Esfera de los Libros
2011
|
| Έκδοση: | Primera edición |
| Θέματα: | |
| Ετικέτες: |
Προσθήκη ετικέτας
Δεν υπάρχουν, Καταχωρήστε ετικέτα πρώτοι!
|
MARC
| LEADER | 00000nam a22000007a 4500 | ||
|---|---|---|---|
| 003 | CL-VaPUC | ||
| 005 | 20230712100041.0 | ||
| 008 | 200106b ||||| |||| 00| 0 eng d | ||
| 999 | |c 376405 |d 376403 | ||
| 020 | |a 9788499700724 | ||
| 040 | |c Pontificia Universidad Católica de Valparaíso | ||
| 041 | 0 | |a spa | |
| 082 | |a 823.92 MUS 2011 | ||
| 100 | 1 | |4 Musashi, Miyamoto | |
| 245 | 1 | 3 | |a El código del samurai: |b selección de textos de Libro de los cinco anillos y Hagakure |
| 250 | |a Primera edición | ||
| 260 | 3 | |a Madrid, España |b La Esfera de los Libros |c 2011 | |
| 300 | |a 134 p | ||
| 505 | 0 | |a Libro de los cinco anillos. Hagakure. | |
| 583 | |c 20200106 |k Daniel Castañeda | ||
| 650 | 0 | 0 | |a Literatura japonesa |9 266543 |
| 650 | 0 | 0 | |a Novelas japonesas |9 605607 |
| 700 | 1 | |a Tsunemoto, Yamamoto |9 605608 | |
| 942 | |2 ddc |c BK | ||
| 952 | |0 0 |1 0 |2 ddc |4 0 |6 823_920000000000000_MUS_2011 |7 0 |8 A |9 495808 |a BIBGIM |b BIBGIM |d 2020-01-06 |i 5614104 |l 4 |m 1 |o 823.92 MUS 2011 |p 5614104 |q 2025-05-13 |r 2025-05-06 |s 2025-05-06 |t 1 |w 2020-01-06 |y BK |k ORI | ||